Cowboys of the High Sierra / (Record no. 750)

MARC details
000 -LEADER
fixed length control field 00883cam a2200289 i 4500
005 - DATE AND TIME OF LATEST TRANSACTION
control field 20260322212032.0
008 - FIXED-LENGTH DATA ELEMENTS--GENERAL INFORMATION
fixed length control field data
010 ## - LIBRARY OF CONGRESS CONTROL NUMBER
LC control number 79052505
020 ## - INTERNATIONAL STANDARD BOOK NUMBER
International Standard Book Number 0873582012 :
Terms of availability {dollar}19.50
020 ## - INTERNATIONAL STANDARD BOOK NUMBER
International Standard Book Number 0873582020 (pbk.)
020 ## - INTERNATIONAL STANDARD BOOK NUMBER
International Standard Book Number 9780873582018 :
Terms of availability {dollar}19.50
020 ## - INTERNATIONAL STANDARD BOOK NUMBER
International Standard Book Number 9780873582025 (pbk.)
040 ## - CATALOGING SOURCE
Original cataloging agency DLC
Transcribing agency DLC
Modifying agency DLC
043 ## - GEOGRAPHIC AREA CODE
Geographic area code n-us-ca
050 00 - LIBRARY OF CONGRESS CALL NUMBER
Classification number F868.S5
Item number P46
082 00 - DEWEY DECIMAL CLASSIFICATION NUMBER
Classification number 979.4/4
092 ## - LOCALLY ASSIGNED DEWEY CALL NUMBER (OCLC)
Classification number 979.4 P46 1980
001 - CONTROL NUMBER
control field data
100 1# - MAIN ENTRY--PERSONAL NAME
Personal name Perkins, Peter.
245 10 - TITLE STATEMENT
Title Cowboys of the High Sierra /
Statement of responsibility, etc. Peter Perkins.
250 ## - EDITION STATEMENT
Edition statement 1st ed.
260 ## - PUBLICATION, DISTRIBUTION, ETC.
Place of publication, distribution, etc. Flagstaff, Ariz. :
Name of publisher, distributor, etc. Northland Press,
Date of publication, distribution, etc. c1980.
300 ## - PHYSICAL DESCRIPTION
Extent xiii, 141 p. :
Other physical details ill. ;
Dimensions 21 x 24 cm.
650 #0 - SUBJECT ADDED ENTRY--TOPICAL TERM
Topical term or geographic name entry element Cowboys
Geographic subdivision Sierra Nevada Mountains (Calif. and Nev.)
650 #0 - SUBJECT ADDED ENTRY--TOPICAL TERM
Topical term or geographic name entry element Cowboys
Geographic subdivision Sierra Nevada (Calif. and Nev.)
General subdivision Biography.
651 #0 - SUBJECT ADDED ENTRY--GEOGRAPHIC NAME
Geographic name Sierra Nevada (Calif. and Nev.)
General subdivision Social life and customs.
Holdings
Withdrawn status Lost status Damaged status Not for loan Home library Current library Shelving location Date acquired Total checkouts Full call number Barcode Date last seen Price effective from Koha item type
        Centerville Centerville General stacks 22/03/2026   979.4/4 BC0010769 22/03/2026 22/03/2026 Books